Thermal engineering (Heat engines) (Record no. 7034)

MARC details
000 -LEADER
fixed length control field 00607nam a2200193Ia 4500
003 - CONTROL NUMBER IDENTIFIER
control field IN-BaIIA
008 - FIXED-LENGTH DATA ELEMENTS--GENERAL INFORMATION
fixed length control field 211028s9999 xx 000 0 eng d
040 ## - CATALOGING SOURCE
Transcribing agency IIA Library
080 ## - UNIVERSAL DECIMAL CLASSIFICATION NUMBER
Universal Decimal Classification number 621.16
Item number BAL
100 ## - MAIN ENTRY--PERSONAL NAME
Personal name Ballaney, P. L
9 (RLIN) 12034
245 #0 - TITLE STATEMENT
Title Thermal engineering (Heat engines)
Remainder of title mechanical engineering; vol. 1
Statement of responsibility, etc. P. L. Ballaney
250 ## - EDITION STATEMENT
Edition statement 11th ed.
260 ## - PUBLICATION, DISTRIBUTION, ETC.
Place of publication, distribution, etc. New Delhi
Name of publisher, distributor, etc. Khanna Publishers
Date of publication, distribution, etc. 1981
300 ## - PHYSICAL DESCRIPTION
Extent [various pagings.]
650 ## - SUBJECT ADDED ENTRY--TOPICAL TERM
Topical term or geographic name entry element Heat engines
9 (RLIN) 11504
650 ## - SUBJECT ADDED ENTRY--TOPICAL TERM
Topical term or geographic name entry element Mechanical engineering
9 (RLIN) 667
650 ## - SUBJECT ADDED ENTRY--TOPICAL TERM
Topical term or geographic name entry element NASA Thesaurus
942 ## - ADDED ENTRY ELEMENTS (KOHA)
Koha item type Books
Holdings
Withdrawn status Lost status Damaged status Not for loan Home library Current library Shelving location Date acquired Total Checkouts Full call number Barcode Date last seen Price effective from Koha item type
        IIA Library-Bangalore IIA Library-Bangalore General Stacks 24/03/1982   621.16/ BAL 7811 05/11/2021 24/03/1982 Books

Powered by Koha